000
00260nam a2200121Ia 4500
008
190216s9999||||xx |||||||||||||| ||und||
100
_a
Leo Tolstoy
245
0
_a
Resurrection
260
_b
Raduga Pub
_c
1990
300
_a
495p
650
_a
Novel
942
_c
BK
999
_c
13559
_d
13559